000 01744nam a22003017a 4500
001 9240
003 FISKH
005 20260401105621.0
008 251204b cb ||||| |||| 00| 0 eng d
020 _a9789996388057
040 _aFISKH
_bkhr
_cFISKH
_dFISKH
050 _aPZ7
082 _a398.2
100 _aSocheata , Soth
245 _aទឹកភ្នែកកង់ :
_bThe weeping of bicycles /
_cនិពន្ធដោយ អ្នកស្រី សុត សុជាតា
260 _aភ្នំពេញ :
_bគ្រឹះស្ថានបោះពុម្ពផ្សាយសៀវភៅប្រាជ្ញា ,
_c2014.
300 _a23 pages :
_bcolor illustrations ;
_c25 cm .
505 _aL
520 _aមានក្មេងតូចបីនាក់ឈ្មោះឡុងហៃ បញ្ញា និងស្រីពេជ្រ ពួកគេមានកង់ម្នាក់មួយ តែពួកគេមិនចេះថែរក្សាកង់ទេ ធ្វើអោយកង់យំហើយចង់ទៅរស់នៅជាមួយម្ចាស់ថ្មី ។
520 _aThere are three young children named Long Hai, Panya, and Srey Pech. They each have a bicycle, but they don’t know how to take care of their bicycles, which causes the bicycles to become rusty. Because of this, the bicycles want to go live with new owners.
521 8 _a530
_bLexile estimate
521 8 _aL
_bRaz-Plus
650 _aទឹកភ្នែកកង់
_vរឿងនិទានកុមារ
650 _aThe weeping of bicycles
_vChildren's Stories
700 _aBunthorn , Theak
_eIllustrator
942 _2ddc
_cKHB
_n0
999 _c9240
_d9240